| 000 | 01230nam a22002177a 4500 | ||
|---|---|---|---|
| 008 | 110829s1996 ua||||| |||| 00| 0 ara d | ||
| 082 |
_222 _a658.044 _bل و ي |
||
| 100 | 1 |
_926986 _aلويس ، جوردان د. |
|
| 245 |
_aمشاركات استثمارية من أجل الرخاء : _bبناء وإدارة التحالفات الإستراتيجية / _cجوردان د. لويس ؛ ترجمة سعاد الطنبولى |
||
| 260 |
_aالقاهرة : _bالدار العربية للنشر والتوزيع ، _c1996. |
||
| 300 |
_a479 ص ؛ _c24 سم. |
||
| 504 | _aيشتمل على إرجاعات ببليوجرافية 443 - 473 | ||
| 650 | 0 |
_915471 _aالتعاون الدولي |
|
| 650 | 0 |
_926991 _aالصفقات التجارية المشتركة _xدراسات حالة |
|
| 650 | 0 |
_926992 _aالمشروعات التجارية الدولية _xدراسات حالة |
|
| 650 | 0 |
_926993 _aالتخطيط الاستراتيجي |
|
| 653 |
_bGeneral _cAugust2011 |
||
| 700 | 1 |
_926994 _aالطنبولى ، سعاد _eترجمة |
|
| 942 |
_2ddc _cBB |
||
| 999 |
_c15936 _d15936 |
||